• 首页
  • 本馆介绍
  • 公告通知
  • 最新文献
  • 馆藏检索
  • 电子资源
  • 读者导购
  • 参考咨询
  • 我的图书馆
  • 登录
  • 详细信息显示
  • 放入我的书架
  • 预约/预借图书
  • 作者相关作品
  • 分类相关作品
  • 丛书相关作品
  • 出版社相关作品

书目信息

  • 表格格式
  • 工作单格式
  • 卡片格式
题名:
实用变应性学
    
 
作者: 海立斯 , Harris , 休利 , Shure 著 ;上海第一医学院皮肤科教研组 译
分册:  
出版信息: 上海   上海科学技术出版社  1963
页数: 222页
开本: 20cm
丛书名:
单 册:
中图分类: R593.1
科图分类:
主题词: 变态反应病--研究
电子资源:
ISBN: 14119.648
000 00971nam0 2200301 450
001 0105488137
005 20071203090814.0
010    @a14119.648@dCNY1.00
091    @a14119.648@dCNY1.00
100    @a19971031d1963 em y0chiy0110 ea
101 1  @achi@ceng
102    @aCN@b310000
105    @ay z 000yy
106    @ar
200 1  @a实用变应性学@9Shi Yong Bian Ying Xing Xue @f(美)海立斯(M.C.Harris),(美)休利(N.Shure)著@g上海第一医学院皮肤科教研组译@b专著
210    @a上海@c上海科学技术出版社@d1963
215    @a222页@d20cm
300    @a书名原文:Practical alergy
510 1  @aPractical alergy@zeng
606 0  @a变态反应病@x研究
690    @aR593.1@v3
701  1 @a海立斯@9hai li si@bM.C.@4著
701  1 @aHarris@bM.C.@4著
701  1 @a休利@9xiu li@bN.@4著
701  1 @aShure@bN.@4著
712 02 @a上海第一医学院皮肤科教研组@9shang hai di yi yi xue yuan pi fu ke jiao yan zu@4译
801  0 @aCN@bAiZhiMarc
905    @aBZT@dR593.1@e13@f2@sR593.1/13
    
    实用变应性学/(美)海立斯(M.C.Harris),(美)休利(N.Shure)著/上海第一医学院皮肤科教研组译.-上海:上海科学技术出版社,1963
    222页;20cm
    书名原文:Practical alergy
    
    ISBN 14119.648:CNY1.00
    
●
相关链接 在五车中查询图书 在当当中查询图书 在豆瓣中查询图书


正题名:实用变应性学     索取号:R593.1/13         预约/预借

序号 登录号 条形码 馆藏地/架位号 状态 备注
1 2000037364   2000037364   旧书回溯/ [索取号:R593.1/13] 在馆    
2 2000049840   2000049840   旧书回溯/ [索取号:R593.1/13] 在馆    
山东省滨州职业学院图书馆 欢迎您!
大连网信软件有限公司© 版权所有